La inteligencia emocional
Uloženo v:
| Hlavní autor: | |
|---|---|
| Médium: | Kniha |
| Jazyk: | španělština |
| Vydáno: |
Buenos Aires, Argentina:
Javier Vergara,
1996.
|
| Témata: | |
| Tagy: |
Přidat tag
Žádné tagy, Buďte první, kdo vytvoří štítek k tomuto záznamu!
|
MARC
| LEADER | 00000cam a2200000 a 4500 | ||
|---|---|---|---|
| 001 | UCT5832 | ||
| 003 | CL-VaPUC | ||
| 005 | 20241211092744.0 | ||
| 008 | 961223e19960000AG |||||||||||||||||spa|d | ||
| 999 | |c 254636 |d 254634 | ||
| 020 | |a 9501516415 | ||
| 040 | |c Pontificia Universidad Católica de Valparaíso | ||
| 082 | 0 | 4 | |a 153.9 GOL 1996 |2 21 |
| 100 | |a Goleman, Daniel |9 615276 |e autor | ||
| 245 | 1 | 3 | |a La inteligencia emocional |
| 260 | 0 | 3 | |a Buenos Aires, Argentina: |b Javier Vergara, |c 1996. |
| 300 | |a 397 páginas. | ||
| 500 | |a c.10 Donación Sr. Eduardo Cartagena MEMO Nº6/ 5-9-2023 7 Btca de Negocios y Economía. | ||
| 583 | |a last modification |c 20150416 15:37:56 |k Rodrigo Vera | ||
| 650 | 0 | |a Inteligencia |9 267038 | |
| 650 | 0 | |a Emociones |9 265224 | |
| 650 | 0 | |a Traumas |9 375412 | |
| 650 | 7 | |a TEMPERAMENTO |2 CL-VaPUC |9 310374 | |
| 650 | 0 | |a Sistema nervioso |9 266815 | |
| 650 | 0 | |a Percepción |9 266750 | |
| 942 | |c BK |2 ddc | ||
| 945 | |d 19961223 00:00:00 |a nastorga | ||
| 952 | |0 0 |1 0 |2 ddc |4 0 |6 153_900000000000000_GOL_1996 |7 0 |8 A |9 276441 |a BIBEDU |b BIBEDU |d 2019-11-19 |i 3261794 |l 6 |m 1 |o 153.9 GOL 1996 |p 3261794 |r 2023-05-16 |s 2023-05-09 |w 2019-11-19 |y BK |k EDU | ||
| 952 | |0 0 |1 0 |2 ddc |4 0 |6 153_900000000000000_GOL_1996 |7 0 |8 A |9 276442 |a BIBEDU |b BIBEDU |d 2019-11-19 |i 3261808 |l 1 |o 153.9 GOL 1996 |p 3261808 |r 2022-05-26 |s 2022-05-19 |w 2019-11-19 |y BK |k EDU | ||
| 952 | |0 0 |1 0 |2 ddc |4 0 |6 153_900000000000000_GOL_1996 |7 0 |8 A |9 276443 |a FDOPOS |b FDOPOS |d 2019-11-19 |i 3290557 |o 153.9 GOL 1996 |p 3290557 |r 2025-01-22 |w 2019-11-19 |y BK |k MLA | ||
| 952 | |0 0 |1 0 |2 ddc |4 0 |6 153_900000000000000_GOL_1996 |7 0 |8 A |9 276444 |a BIBCUR |b BIBCUR |d 2019-11-19 |i 3344169 |l 3 |o 153.9 GOL 1996 |p 3344169 |r 2025-04-22 |s 2021-11-29 |w 2019-11-19 |y BK |k BIO | ||
| 952 | |0 0 |1 0 |2 ddc |4 0 |6 153_900000000000000_GOL_1996 |7 0 |8 A |9 276445 |a BIBEDU |b BIBEDU |d 2019-11-19 |i 3598306 |o 153.9 GOL 1996 |p 3598306 |r 2019-11-19 |w 2019-11-19 |y BK |k BME | ||
| 952 | |0 0 |1 0 |2 ddc |4 0 |6 153_900000000000000_GOL_1996 |7 0 |8 A |9 276446 |a BIBEDU |b BIBEDU |d 2019-11-19 |i 3598314 |o 153.9 GOL 1996 |p 3598314 |r 2019-11-19 |w 2019-11-19 |y BK |k BME | ||
| 952 | |0 0 |1 0 |2 ddc |4 0 |6 153_900000000000000_GOL_1996 |7 0 |8 A |9 591693 |a BIBENE |b BIBENE |c GEN |d 2023-09-26 |e Donación |i 5658793 |l 2 |m 2 |o 153.9 GOL 1996 |p 5658793 |q 2025-05-12 |r 2025-05-05 |s 2025-05-05 |t 9 |w 2023-09-26 |y BK |k ICO | ||